000 00558nam a2200169Ia 4500
008 140609s9999 xx 000 0 und d
020 _a9780073534190
050 _aPN 4129.15
_b.Ob27 2009
100 _aO’Brien, Liz.
245 _aA speaker's resource :
_blistener-centered publicspeaking /
_cLiz O'Brien
260 _aNew York, NY :
_bMcGraw-Hill Higher Education,
_cc2009.
300 _a488 p. :
_bcol. ill. ;
_c23 cm.
500 _aIncludes bibliographical references, glossary and index.
521 _aGE
942 _kFOR
_cBK
999 _c118046
_d118046